[Event "119th Scottish Championship"]
[Site "Glasgow"]
[Date "2012.07.07"]
[Round "1"]
[White "Mirza, Gabriel"]
[Black "Grove, Michael"]
[Result "0-1"]
[WhiteElo "1772"]
[BlackElo "1955"]
[PlyCount "106"]
[EventDate "2012.07.07"]
[EventType "swiss"]
[EventRounds "9"]
[EventCountry "SCO"]
[Source "Chess Scotland"]
[SourceDate "2012.07.24"]

1. Nc3 e5 2. Nf3 Nc6 3. d4 exd4 4. Nxd4 Bc5 5. Nb3 Be7 6. Bf4 Nf6 7. e4 Bb4 8.
Bd3 O-O 9. O-O d6 10. h3 Bxc3 11. bxc3 Ne5 12. Bxe5 dxe5 13. Qe2 Qe7 14. a4 g6
15. g4 h5 16. f3 Be6 17. Qe3 b6 18. a5 Rad8 19. axb6 cxb6 20. Nc1 Nh7 21. Kg2
Rd7 22. Ne2 Qh4 23. Qh6 Qg5 24. Qxg5 Nxg5 25. h4 Nh7 26. Kg3 hxg4 27. fxg4 Rc8
28. Ra4 Kg7 29. g5 f6 30. gxf6+ Nxf6 31. Rfa1 Rcc7 32. c4 Rf7 33. Ng1 Nh5+ 34.
Kg2 Bg4 35. Rf1 Rxf1 36. Bxf1 Bd1 37. Ra2 a5 38. Kf2 Nf6 39. Nf3 Nxe4+ 40. Ke3
Bxf3 41. Kxf3 Nd2+ 42. Kf2 Rf7+ 43. Ke2 Nxf1 44. Rb2 Ng3+ 45. Kd3 Rf3+ 46. Kd2
e4 47. Rxb6 e3+ 48. Kc1 Rf1+ 49. Kb2 e2 50. Re6 e1=Q 51. Rxe1 Rxe1 52. c5 Re5
53. c6 Rc5 0-1

[Event "119th Scottish Championship"]
[Site "Glasgow"]
[Date "2012.07.07"]
[Round "1"]
[White "Nepveu, Manuel"]
[Black "Findlay, James"]
[Result "0-1"]
[WhiteElo "1955"]
[BlackElo "1746"]
[PlyCount "80"]
[EventDate "2012.07.07"]
[EventType "swiss"]
[EventRounds "9"]
[EventCountry "SCO"]
[Source "Chess Scotland"]
[SourceDate "2012.07.24"]

1. d4 Nf6 2. c4 e6 3. Nf3 c5 4. g3 d5 5. cxd5 exd5 6. Bg2 Nc6 7. O-O Be6 8. Nc3
Be7 9. Bg5 cxd4 10. Nxd4 O-O 11. Rc1 Rc8 12. Nxe6 fxe6 13. Bh3 Qd7 14. Qa4 h6
15. Bxf6 Bxf6 16. Rfd1 Qf7 17. Qf4 Qe7 18. Qg4 Rce8 19. e3 Qf7 20. f4 Bxc3 21.
Rxc3 e5 22. Bg2 e4 23. a3 h5 24. Qe2 Rc8 25. Bh3 Rcd8 26. Rdc1 Qg6 27. Bg2 h4
28. Qf2 Ne5 29. Bf1 Rd6 30. Be2 hxg3 31. hxg3 Ng4 32. Bxg4 Qxg4 33. Kg2 Rh6 34.
Rh1 Rxh1 35. Kxh1 Rf6 36. Rc1 Rh6+ 37. Kg1 Rh3 38. Kg2 Qh5 39. Rc8+ Kh7 40. Qg1
Qg4 0-1

[Event "119th Scottish Championship"]
[Site "Glasgow"]
[Date "2012.07.07"]
[Round "1"]
[White "Durno, Joy"]
[Black "Ridge, Michael"]
[Result "1/2-1/2"]
[WhiteElo "1729"]
[BlackElo "1927"]
[PlyCount "82"]
[EventDate "2012.07.07"]
[EventType "swiss"]
[EventRounds "9"]
[EventCountry "SCO"]
[Source "Chess Scotland"]
[SourceDate "2012.07.24"]

1. d4 Nf6 2. c4 d6 3. Nc3 e5 4. dxe5 dxe5 5. Qxd8+ Kxd8 6. Bg5 Be6 7. O-O-O+
Kc8 8. Nf3 Nbd7 9. e3 c6 10. h3 Bb4 11. Bxf6 Nxf6 12. Ng5 Bxc3 13. bxc3 Re8 14.
Bd3 Kc7 15. Nxe6+ Rxe6 16. Bf5 Ree8 17. Rd2 g6 18. Bc2 Rad8 19. Rhd1 Nd7 20. h4
h5 21. f4 exf4 22. exf4 Nb6 23. Rxd8 Rxd8 24. Rxd8 Kxd8 25. f5 gxf5 26. Bxf5
Nxc4 27. Be4 Ne5 28. Kd2 Ke7 29. Ke3 Kf6 30. Kd4 Ke6 31. Bc2 f5 32. Bd1 Ng4 33.
Bf3 Kd6 34. a4 c5+ 35. Kd3 Ne5+ 36. Ke3 Nxf3 37. gxf3 Ke5 38. c4 f4+ 39. Kd3 b6
40. Kc3 a6 41. Kd3 a5 1/2-1/2

[Event "119th Scottish Championship"]
[Site "Glasgow"]
[Date "2012.07.07"]
[Round "1"]
[White "Will, Douglas"]
[Black "Robinson, Stephen CE"]
[Result "1-0"]
[WhiteElo "1923"]
[BlackElo "1710"]
[PlyCount "49"]
[EventDate "2012.07.07"]
[EventType "swiss"]
[EventRounds "9"]
[EventCountry "SCO"]
[Source "Chess Scotland"]
[SourceDate "2012.07.24"]

1. e4 Nf6 2. Nc3 d5 3. d4 dxe4 4. f3 Bf5 5. fxe4 Nxe4 6. Qf3 Qxd4 7. Qxf5 Nd6
8. Qd3 Qe5+ 9. Be2 Nc6 10. Nf3 Qa5 11. O-O h6 12. Nb5 Nb4 13. Nxd6+ cxd6 14.
Qb3 Nd5 15. Bb5+ Kd8 16. Qxd5 Qb6+ 17. Kh1 e6 18. Qd3 a6 19. Ne5 Rg8 20. Nxf7+
Ke7 21. Be3 Qc7 22. Ba4 g5 23. Nxh6 Bxh6 24. Qh7+ Rg7 25. Bxg5+ 1-0

[Event "119th Scottish Championship"]
[Site "Glasgow"]
[Date "2012.07.07"]
[Round "1"]
[White "Sigurdsson, Birkir Karl"]
[Black "Giulian, Rosemary A"]
[Result "1/2-1/2"]
[WhiteElo "1709"]
[BlackElo "1918"]
[PlyCount "47"]
[EventDate "2012.07.07"]
[EventType "swiss"]
[EventRounds "9"]
[EventCountry "SCO"]
[Source "Chess Scotland"]
[SourceDate "2012.07.24"]

1. d4 e6 2. c4 Nf6 3. Nc3 Bb4 4. e3 O-O 5. Nge2 d5 6. Ng3 Re8 7. Bd3 a5 8. O-O
Nbd7 9. Qc2 Bf8 10. b3 g6 11. f3 dxc4 12. bxc4 c5 13. d5 exd5 14. cxd5 Ne5 15.
e4 Nxd3 16. Qxd3 b6 17. Re1 Ba6 18. Qd2 Nd7 19. f4 c4 20. a4 Nc5 21. Qc2 Nd3
22. Rf1 Bc5+ 23. Kh1 Nxc1 24. Raxc1 1/2-1/2

[Event "119th Scottish Championship"]
[Site "Glasgow"]
[Date "2012.07.07"]
[Round "1"]
[White "Zamvar, Vipin"]
[Black "Marks, Ian A"]
[Result "0-1"]
[WhiteElo "1676"]
[BlackElo "1914"]
[PlyCount "68"]
[EventDate "2012.07.07"]
[EventType "swiss"]
[EventRounds "9"]
[EventCountry "SCO"]
[Source "Chess Scotland"]
[SourceDate "2012.07.24"]

1. e4 d6 2. g3 g6 3. Bg2 Bg7 4. Nf3 Nf6 5. d3 O-O 6. O-O c5 7. Nbd2 Nc6 8. a4
e5 9. Re1 h6 10. h4 Be6 11. Nc4 Qd7 12. Nh2 Rad8 13. f4 Nh5 14. f5 Bxc4 15.
dxc4 Nxg3 16. Qf3 Nh5 17. c3 Nf6 18. Bh3 Qe8 19. Re2 Na5 20. Ng4 Nxg4 21. Bxg4
Nb3 22. f6 Nxa1 23. fxg7 Kxg7 24. Qe3 Rh8 25. Qf3 Qe7 26. b4 Nb3 27. Be3 cxb4
28. Bxa7 bxc3 29. Qxc3 Nc5 30. a5 Qxh4 31. Bf3 Qe7 32. Bb6 Ra8 33. Qd2 Ne6 34.
Qd5 Nf4 0-1

[Event "119th Scottish Championship"]
[Site "Glasgow"]
[Date "2012.07.07"]
[Round "1"]
[White "Parks, Joe"]
[Black "Mirza, Diana"]
[Result "1/2-1/2"]
[WhiteElo "1910"]
[BlackElo "1668"]
[PlyCount "71"]
[EventDate "2012.07.07"]
[EventType "swiss"]
[EventRounds "9"]
[EventCountry "SCO"]
[Source "Chess Scotland"]
[SourceDate "2012.07.24"]

1. d4 Nf6 2. c4 g6 3. Nc3 Bg7 4. g3 O-O 5. Bg2 d6 6. Nf3 c6 7. O-O Nbd7 8. e4
e5 9. d5 Nc5 10. Nd2 Nd3 11. h3 a6 12. Nb3 Nxc1 13. Nxc1 cxd5 14. cxd5 Qb6 15.
Nd3 Nh5 16. Kh2 f5 17. exf5 Bxf5 18. Be4 Bxe4 19. Nxe4 Nf6 20. Nc3 Rac8 21. Qa4
Qd4 22. Rad1 Qxa4 23. Nxa4 Rc4 24. Nb6 Rd4 25. b3 Nxd5 26. Nxd5 Rxd5 27. Nb4
Rxd1 28. Rxd1 Rxf2+ 29. Kg1 Rf6 30. Nd5 Re6 31. Rc1 b5 32. Rc8+ Bf8 33. Ra8 e4
34. Rxa6 e3 35. Kf1 e2+ 36. Ke1 1/2-1/2

[Event "119th Scottish Championship"]
[Site "Glasgow"]
[Date "2012.07.07"]
[Round "1"]
[White "Lees, Fraser A"]
[Black "O'Molloy, Eamonn"]
[Result "0-1"]
[WhiteElo "1648"]
[BlackElo "1904"]
[PlyCount "88"]
[EventDate "2012.07.07"]
[EventType "swiss"]
[EventRounds "9"]
[EventCountry "SCO"]
[Source "Chess Scotland"]
[SourceDate "2012.07.24"]

1. e4 c6 2. d4 d5 3. e5 Bf5 4. Nc3 Qb6 5. g4 Bd7 6. h3 e6 7. Bg2 c5 8. Be3 Nc6
9. Nge2 cxd4 10. Bxd4 Nxd4 11. Nxd4 Bc5 12. Nce2 Ne7 13. f4 Ng6 14. O-O Bb5 15.
c3 Bxe2 16. Qxe2 Bxd4+ 17. cxd4 Qxd4+ 18. Qf2 Nxf4 19. Qxd4 Ne2+ 20. Kh2 Nxd4
21. Rac1 Nc6 22. Rfe1 O-O 23. Re3 Rac8 24. Rec3 Rb8 25. Re1 Rfc8 26. Kg3 Ne7
27. Rec1 Rxc3+ 28. Rxc3 Rc8 29. Rxc8+ Nxc8 30. h4 Ne7 31. h5 Nc6 32. Kf4 Nb4
33. Ke3 Nxa2 34. Bf1 Nb4 35. Bb5 Kf8 36. g5 g6 37. hxg6 hxg6 38. Kf4 Ke7 39.
Kg3 a6 40. Be2 b5 41. Kf4 Kd7 42. Ke3 Kc6 43. Kd4 Kb6 44. Ke3 Nc6 0-1

[Event "119th Scottish Championship"]
[Site "Glasgow"]
[Date "2012.07.07"]
[Round "1"]
[White "Thomas, Phil"]
[Black "Einarsson, Oskar Long"]
[Result "0-1"]
[WhiteElo "1900"]
[BlackElo "1587"]
[PlyCount "82"]
[EventDate "2012.07.07"]
[EventType "swiss"]
[EventRounds "9"]
[EventCountry "SCO"]
[Source "Chess Scotland"]
[SourceDate "2012.07.24"]

1. e4 c5 2. Nf3 d6 3. d4 Nf6 4. Nc3 cxd4 5. Nxd4 a6 6. Qe2 e6 7. Bg5 Be7 8. f4
h6 9. Bxf6 Bxf6 10. O-O-O Qc7 11. g4 b5 12. Bg2 Bb7 13. Ndxb5 axb5 14. Nxb5 Qb6
15. Nxd6+ Kf8 16. e5 Bxg2 17. Qxg2 Rxa2 18. c3 Be7 19. Rd4 g6 20. Rb4 Qd8 21.
Kb1 Ra6 22. Rd1 Bxd6 23. Rbd4 Kg7 24. f5 Qa5 25. exd6 exf5 26. Qb7 Ra7 27. Qb3
Rd8 28. Rd5 Qa1+ 29. Kc2 Qa6 30. Rb5 Nd7 31. gxf5 Nf6 32. fxg6 Rxd6 33. Rxd6
Qxd6 34. gxf7 Qxh2+ 35. Kc1 Rxf7 36. Rb7 Qh1+ 37. Kc2 Rxb7 38. Qe6 Qg2+ 39. Kd3
Qxb2 40. Kc4 Qb3+ 41. Kc5 Qxe6 0-1

[Event "119th Scottish Championship"]
[Site "Glasgow"]
[Date "2012.07.07"]
[Round "1"]
[White "Deary, Daniel"]
[Black "Klug, Christian"]
[Result "0-1"]
[WhiteElo "1269"]
[BlackElo "1894"]
[PlyCount "118"]
[EventDate "2012.07.07"]
[EventType "swiss"]
[EventRounds "9"]
[EventCountry "SCO"]
[Source "Chess Scotland"]
[SourceDate "2012.07.24"]

1. e4 e5 2. Nf3 Nc6 3. d4 exd4 4. Nxd4 Nf6 5. Nxc6 bxc6 6. e5 Qe7 7. Qe2 Nd5 8.
c4 Nb6 9. Nd2 a5 10. b3 a4 11. Bb2 axb3 12. axb3 Rxa1+ 13. Bxa1 Qa3 14. Qd1 Bb4
15. Bd3 Qa5 16. Bd4 O-O 17. Qc2 h6 18. Kd1 d6 19. Re1 Re8 20. exd6 Rxe1+ 21.
Kxe1 cxd6 22. Kd1 Bg4+ 23. f3 Be6 24. g4 Nd7 25. Ne4 Ne5 26. Be2 Ng6 27. Be3
Qa1+ 28. Qc1 Qe5 29. Ng3 Ne7 30. f4 Qa5 31. f5 Bc8 32. f6 gxf6 33. Bxh6 Qa2 34.
Qc2 Qa1+ 35. Bc1 Qd4+ 36. Qd3 Qxd3+ 37. Bxd3 Bxg4+ 38. Kc2 f5 39. Bg5 Kf8 40.
Bxe7+ Kxe7 41. Nxf5+ Kf6 42. Nd4 c5 43. Nb5 Ke5 44. Nc3 f5 45. Nd5 Be1 46. Bf1
Kd4 47. h3 Bf3 48. Ne7 Be4+ 49. Kd1 Bh4 50. Ng6 Bg5 51. h4 f4 52. hxg5 Bxg6 53.
Ke2 Ke4 54. Bg2+ Kf5 55. Bc6 Kxg5 56. Kf2 Bc2 57. Ba4 Kf5 58. Kf3 Ke5 59. Ke2
Kd4 0-1

[Event "119th Scottish Championship"]
[Site "Glasgow"]
[Date "2012.07.07"]
[Round "1"]
[White "Dawson, Alastair"]
[Black "McCusker, Andrew"]
[Result "1-0"]
[WhiteElo "1891"]
[BlackElo "1217"]
[PlyCount "67"]
[EventDate "2012.07.07"]
[EventType "swiss"]
[EventRounds "9"]
[EventCountry "SCO"]
[Source "Chess Scotland"]
[SourceDate "2012.07.24"]

1. d4 d5 2. Nf3 Nf6 3. c4 c6 4. cxd5 cxd5 5. Nc3 Nc6 6. Bf4 Bf5 7. e3 Nh5 8.
Bg5 h6 9. Bh4 g5 10. Ne5 Nf6 11. Bg3 e6 12. Bb5 Qb6 13. O-O a6 14. Bxc6+ bxc6
15. Na4 Qb5 16. Rc1 Rc8 17. Nc5 Qxb2 18. Ned3 Qa3 19. Be5 Be7 20. Qd2 Bxd3 21.
Rc3 Qa5 22. Qxd3 Rg8 23. Rb1 Ng4 24. Ra3 Nxe5 25. Rxa5 Nxd3 26. Nxd3 Ra8 27.
Rb7 Bd6 28. g3 Kf8 29. Nc5 Be7 30. Rxa6 Rxa6 31. Nxa6 Bd8 32. Nc5 Be7 33. a4
Bxc5 34. Rb8+ 1-0

[Event "119th Scottish Championship"]
[Site "Glasgow"]
[Date "2012.07.07"]
[Round "1"]
[White "Ruck, Robert"]
[Black "Bannink, Bernard"]
[Result "1-0"]
[WhiteElo "2569"]
[BlackElo "2258"]
[PlyCount "87"]
[EventDate "2012.07.07"]
[EventType "swiss"]
[EventRounds "9"]
[EventCountry "SCO"]
[Source "Chess Scotland"]
[SourceDate "2012.07.24"]

1. Nf3 d5 2. d4 c5 3. dxc5 e6 4. e4 Bxc5 5. Nc3 Ne7 6. Bb5+ Nbc6 7. O-O O-O 8.
exd5 exd5 9. Bg5 Bg4 10. h3 Bh5 11. Bxc6 bxc6 12. Qd3 Bg6 13. Qd2 f6 14. Be3
Bxe3 15. Qxe3 Re8 16. Qd2 Nf5 17. Rfe1 Qa5 18. Rxe8+ Rxe8 19. Re1 Kf8 20. Rxe8+
Kxe8 21. g4 Ne7 22. Qe3 Qb6 23. Nd4 Bf7 24. Na4 Qc7 25. Nc5 Qe5 26. Qd2 g5 27.
b4 Bg6 28. c3 Be4 29. a3 h6 30. Qe3 Bg6 31. Qxe5 fxe5 32. Nf3 e4 33. Ne5 Kd8
34. Ne6+ Kc8 35. Kg2 Be8 36. Kg3 Ng6 37. Nxg6 Bxg6 38. h4 Bf7 39. Nd4 Kd7 40.
Nf5 gxh4+ 41. Kxh4 c5 42. bxc5 Kc6 43. Nxh6 Be6 44. Kg5 1-0

[Event "119th Scottish Championship"]
[Site "Glasgow"]
[Date "2012.07.07"]
[Round "1"]
[White "Barnaure, Vlad Victor"]
[Black "Lindner, Daniel"]
[Result "1-0"]
[WhiteElo "2511"]
[BlackElo "2128"]
[PlyCount "57"]
[EventDate "2012.07.07"]
[EventType "swiss"]
[EventRounds "9"]
[EventCountry "SCO"]
[Source "Chess Scotland"]
[SourceDate "2012.07.24"]

1. d4 Nf6 2. c4 g6 3. Nc3 Bg7 4. e4 d6 5. Be2 O-O 6. Bg5 Na6 7. Nf3 c5 8. d5 e6
9. Nd2 Nc7 10. O-O h6 11. Bh4 e5 12. a3 Qe8 13. b4 b6 14. bxc5 bxc5 15. Rb1 Nh7
16. h3 f5 17. exf5 Bxf5 18. Nde4 Qd7 19. Bd3 h5 20. Rb7 Rfb8 21. Qb1 Qc8 22.
Nxd6 Rxb7 23. Nxc8 Rxb1 24. Ne7+ Kf8 25. Bxb1 Bxb1 26. Rxb1 g5 27. Rb7 Nxd5 28.
Ncxd5 gxh4 29. Nf5 1-0

[Event "119th Scottish Championship"]
[Site "Glasgow"]
[Date "2012.07.07"]
[Round "1"]
[White "Aagaard, Jacob"]
[Black "Villwock, Martin"]
[Result "1-0"]
[WhiteElo "2506"]
[BlackElo "2176"]
[PlyCount "81"]
[EventDate "2012.07.07"]
[EventType "swiss"]
[EventRounds "9"]
[EventCountry "SCO"]
[Source "Chess Scotland"]
[SourceDate "2012.07.24"]

1. d4 Nf6 2. c4 c5 3. d5 e6 4. Nc3 exd5 5. cxd5 d6 6. e4 g6 7. Nge2 Bg7 8. Ng3
O-O 9. Be2 Re8 10. O-O b6 11. Bg5 h6 12. Be3 Ba6 13. Bxa6 Nxa6 14. f3 Qd7 15.
Qd2 Kh7 16. a4 Nb4 17. Nh1 a6 18. Nf2 Qc7 19. Ng4 Ng8 20. Rae1 c4 21. Nf2 Rab8
22. Ra1 Nf6 23. Ne2 a5 24. Nd4 Rbc8 25. Rfc1 Qe7 26. Rc3 Nfxd5 27. exd5 Nxd5
28. Nd1 Nxc3 29. bxc3 Rc5 30. Bf2 Re5 31. Bg3 Rd5 32. h3 h5 33. Bf2 Bh6 34. Qa2
Re5 35. Nb2 Be3 36. Nxc4 Bxd4 37. cxd4 Re2 38. Qb3 Qe6 39. Qd3 Qd5 40. Be3
R8xe3 41. Nxe3 1-0

[Event "119th Scottish Championship"]
[Site "Glasgow"]
[Date "2012.07.07"]
[Round "1"]
[White "Rysbayeva, Aigerim"]
[Black "Gormally, Daniel"]
[Result "0-1"]
[WhiteElo "2175"]
[BlackElo "2505"]
[PlyCount "74"]
[EventDate "2012.07.07"]
[EventType "swiss"]
[EventRounds "9"]
[EventCountry "SCO"]
[Source "Chess Scotland"]
[SourceDate "2012.07.24"]

1. e4 c5 2. Nf3 d6 3. d4 cxd4 4. Nxd4 Nf6 5. Nc3 a6 6. Be2 e5 7. Nf3 h6 8. O-O
Qc7 9. a4 Be6 10. Re1 Nc6 11. h3 Be7 12. Nd5 Bxd5 13. exd5 Nb4 14. c4 a5 15.
Be3 Nd7 16. Nd2 O-O 17. Qb1 f5 18. f4 exf4 19. Bxf4 Bf6 20. Kh1 Rae8 21. Bh5
Rxe1+ 22. Qxe1 Ne5 23. Qg3 Kh8 24. Rf1 Qe7 25. b3 Nbd3 26. Bxe5 Nxe5 27. Nf3
Nxf3 28. Qxf3 Be5 29. Bg6 Qg5 30. Qh5 Qg3 31. Kg1 Bd4+ 32. Kh1 Be5 33. Kg1 Qh2+
34. Kf2 Bd4+ 35. Ke1 Qg3+ 36. Kd1 Qxb3+ 37. Kd2 Qb4+ 0-1

[Event "119th Scottish Championship"]
[Site "Glasgow"]
[Date "2012.07.07"]
[Round "1"]
[White "Hawkins, Jonathan"]
[Black "Holmes, Donald A"]
[Result "1/2-1/2"]
[WhiteElo "2499"]
[BlackElo "2271"]
[PlyCount "110"]
[EventDate "2012.07.07"]
[EventType "swiss"]
[EventRounds "9"]
[EventCountry "SCO"]
[Source "Chess Scotland"]
[SourceDate "2012.07.24"]

1. d4 Nf6 2. c4 e6 3. Nf3 b6 4. g3 Bb7 5. Bg2 Be7 6. O-O O-O 7. Re1 Qc8 8. Nc3
Ne4 9. Qc2 f5 10. b3 Nc6 11. a3 Bf6 12. e3 Nxc3 13. Qxc3 d6 14. Bb2 e5 15. Qc2
e4 16. Nd2 a5 17. f3 exf3 18. Nxf3 d5 19. Nd2 Ne7 20. cxd5 Nxd5 21. Bh3 Bg5 22.
Nf1 Qe8 23. Bc1 Qg6 24. Bg2 Qf6 25. Bd2 Kh8 26. b4 axb4 27. axb4 Rxa1 28. Rxa1
f4 29. gxf4 Bxf4 30. Qc1 Bxh2+ 31. Nxh2 Qf2+ 32. Kh1 Nf4 33. Bxb7 Ne2 34. Qxc7
Ng3+ 35. Qxg3 Qxg3 36. Bg2 h5 37. Rf1 Rf2 38. Rxf2 Qxf2 39. Nf1 g5 40. e4 g4
41. Be3 Qe1 42. Kg1 Qxb4 43. Bf2 b5 44. d5 Qc3 45. Bb6 b4 46. d6 Qd3 47. e5 b3
48. Be4 Qd1 49. Bc5 b2 50. e6 b1=Q 51. Bxb1 Qd5 52. Be3 Qxd6 53. Bg6 Qe5 54. e7
Qxe7 55. Bxh5 Qe6 1/2-1/2

[Event "119th Scottish Championship"]
[Site "Glasgow"]
[Date "2012.07.07"]
[Round "1"]
[White "Thorfinnsson, Bragi"]
[Black "Grant, Alan G"]
[Result "1-0"]
[WhiteElo "2465"]
[BlackElo "2155"]
[PlyCount "40"]
[EventDate "2012.07.07"]
[EventType "swiss"]
[EventRounds "9"]
[EventCountry "SCO"]
[Source "Chess Scotland"]
[SourceDate "2012.07.24"]

1. d4 d5 2. c4 dxc4 3. e4 Nc6 4. Be3 Nf6 5. f3 e5 6. d5 Nd4 7. Ne2 c5 8. Nd2
Bd6 9. Nxc4 O-O 10. Nxd6 Qxd6 11. Nxd4 cxd4 12. Bd2 Bd7 13. Qb3 Rfc8 14. Bd3 a5
15. O-O a4 16. Qb4 Re8 17. f4 b6 18. fxe5 Rxe5 19. Rf2 Qxb4 20. Bxb4 Ng4 1-0

[Event "119th Scottish Championship"]
[Site "Glasgow"]
[Date "2012.07.07"]
[Round "1"]
[White "Spencer, Edwin A"]
[Black "McNab, Colin Anderson"]
[Result "0-1"]
[WhiteElo "2145"]
[BlackElo "2445"]
[PlyCount "46"]
[EventDate "2012.07.07"]
[EventType "swiss"]
[EventRounds "9"]
[EventCountry "SCO"]
[Source "Chess Scotland"]
[SourceDate "2012.07.24"]

1. e4 g6 2. Nc3 Bg7 3. f4 d6 4. Nf3 Nf6 5. Be2 c5 6. O-O Nc6 7. d3 O-O 8. Qe1
Rb8 9. h3 b5 10. Bd1 b4 11. Ne2 c4 12. Qh4 Qa5 13. Bd2 Ba6 14. Ne1 Nd7 15. e5
dxe5 16. f5 e4 17. Qxe4 Nc5 18. Qe3 Rbd8 19. f6 exf6 20. d4 Rfe8 21. dxc5 Rxe3
22. Bxe3 f5 23. c3 Bf8 0-1

[Event "119th Scottish Championship"]
[Site "Glasgow"]
[Date "2012.07.07"]
[Round "1"]
[White "Herbold, Manfred"]
[Black "Arakhamia Grant, Ketevan"]
[Result "0-1"]
[WhiteElo "2143"]
[BlackElo "2416"]
[PlyCount "134"]
[EventDate "2012.07.07"]
[EventType "swiss"]
[EventRounds "9"]
[EventCountry "SCO"]
[Source "Chess Scotland"]
[SourceDate "2012.07.24"]

1. e4 c5 2. c3 d5 3. exd5 Qxd5 4. d4 Nf6 5. Nf3 e6 6. Na3 Qd8 7. Nc2 Nc6 8. Bd3
cxd4 9. Ncxd4 Nxd4 10. Nxd4 Be7 11. O-O O-O 12. Re1 a6 13. Bf4 g6 14. Qb3 Nd5
15. Be5 Bf6 16. g3 Bxe5 17. Rxe5 Qb6 18. Qc2 Nb4 19. Qb3 Qd6 20. Nf3 Nxd3 21.
Rd1 b5 22. Re3 Bb7 23. Rexd3 Qc6 24. Kf1 Qc5 25. Qb4 Qh5 26. Qf4 Rac8 27. Qf6
Bd5 28. b3 Qf5 29. Qxf5 gxf5 30. Ke1 Kg7 31. Ne5 Rc7 32. Kd2 f6 33. Nf3 Be4 34.
Re3 Rd8+ 35. Kc1 Rxd1+ 36. Kxd1 Kf7 37. Nd2 Bd5 38. Kc2 e5 39. Kb2 Ke6 40. Ka3
a5 41. Kb2 h5 42. Nf3 Be4 43. Nd2 Rd7 44. Nxe4 fxe4 45. Kc2 f5 46. Re2 Rd3 47.
Re3 Rd8 48. Re2 h4 49. Rd2 Rg8 50. Re2 Kd5 51. Rd2+ Kc6 52. Re2 Kc5 53. Kb2
hxg3 54. hxg3 Kd5 55. Rd2+ Ke6 56. b4 axb4 57. cxb4 e3 58. fxe3 Rxg3 59. a4
bxa4 60. Ka3 Rxe3+ 61. Kxa4 Re1 62. Rb2 f4 63. b5 Kd6 64. Ka5 Kc7 65. Rh2 e4
66. Rh7+ Kd6 67. b6 Rb1 0-1

[Event "119th Scottish Championship"]
[Site "Glasgow"]
[Date "2012.07.08"]
[Round "2"]
[White "Magee, Ronan"]
[Black "Lagerman, Robert"]
[Result "1/2-1/2"]
[WhiteElo "1965"]
[BlackElo "2315"]
[PlyCount "101"]
[EventDate "2012.07.07"]
[EventType "swiss"]
[EventRounds "9"]
[EventCountry "SCO"]
[Source "Chess Scotland"]
[SourceDate "2012.07.24"]

1. e4 e5 2. Nf3 Nc6 3. Bb5 a6 4. Ba4 Nf6 5. O-O Nxe4 6. d4 b5 7. Bb3 d5 8. dxe5
Be6 9. c3 Bc5 10. Bf4 g5 11. Be3 Bxe3 12. fxe3 g4 13. Nd4 Nxe5 14. Nd2 Nc5 15.
Bc2 Qg5 16. Qe2 O-O 17. e4 Rae8 18. exd5 Bxd5 19. Rf5 Qg7 20. Qf2 Ncd3 21. Qg3
c5 22. Bxd3 cxd4 23. cxd4 Nxd3 24. Qxd3 Qg6 25. Qf1 Be6 26. Rf6 Qg5 27. Qf2 Rd8
28. Ne4 Qd5 29. Rf4 f5 30. Nc5 Bc8 31. Qh4 Qd6 32. Raf1 Qg6 33. Qg3 Qg7 34.
Qb3+ Kh8 35. Ne6 Bxe6 36. Qxe6 Rxd4 37. Rxf5 Rxf5 38. Qxf5 Rd8 39. b3 Qd4+ 40.
Kh1 Rg8 41. Qe6 a5 42. Qa6 b4 43. Qxa5 Rd8 44. Qf5 Re8 45. g3 Qe4+ 46. Qxe4
Rxe4 47. Rf7 Re2 48. Rf4 h5 49. Rxb4 Rxa2 50. Rb5 Ra1+ 51. Kg2 1/2-1/2

[Event "119th Scottish Championship"]
[Site "Glasgow"]
[Date "2012.07.08"]
[Round "2"]
[White "Orr, Mark J L"]
[Black "Will, Douglas"]
[Result "1-0"]
[WhiteElo "2260"]
[BlackElo "1923"]
[PlyCount "57"]
[EventDate "2012.07.07"]
[EventType "swiss"]
[EventRounds "9"]
[EventCountry "SCO"]
[Source "Chess Scotland"]
[SourceDate "2012.07.24"]

1. c4 Nf6 2. g3 g6 3. Bg2 Bg7 4. Nc3 O-O 5. e4 e5 6. Nge2 d6 7. d3 Nc6 8. O-O
Nd7 9. f4 Nc5 10. f5 Nb4 11. Rf3 gxf5 12. exf5 Ncxd3 13. Rxd3 Bxf5 14. Ne4 Nxd3
15. Qxd3 Bg6 16. g4 Qh4 17. Qg3 Qe7 18. h4 f5 19. gxf5 Rxf5 20. Bg5 Qf8 21.
N2c3 c6 22. Rd1 Bh5 23. Rxd6 Rf4 24. Bxf4 exf4 25. Qg5 f3 26. Nf6+ Kh8 27. Nxh5
f2+ 28. Kf1 Qxd6 29. Qxg7# 1-0

[Event "119th Scottish Championship"]
[Site "Glasgow"]
[Date "2012.07.08"]
[Round "2"]
[White "Kelly, J Steven"]
[Black "Sreeves, Clement"]
[Result "0-1"]
[WhiteElo "1889"]
[BlackElo "2175"]
[PlyCount "118"]
[EventDate "2012.07.07"]
[EventType "swiss"]
[EventRounds "9"]
[EventCountry "SCO"]
[Source "Chess Scotland"]
[SourceDate "2012.07.24"]

1. d4 Nf6 2. Nf3 g6 3. Bf4 Bg7 4. e3 d6 5. h3 O-O 6. Be2 c5 7. c3 Qb6 8. Qb3
Be6 9. Qxb6 axb6 10. a3 Nc6 11. Nbd2 Na5 12. O-O Rfc8 13. Bh2 Bh6 14. g4 Bg7
15. Ng5 Nb3 16. Nxb3 Bxb3 17. Bd3 h5 18. Ne4 hxg4 19. Nxf6+ Bxf6 20. hxg4 Bd5
21. f3 Kg7 22. Kf2 Rh8 23. Bg3 Rh3 24. Rh1 Rah8 25. Rxh3 Rxh3 26. Kg2 Rh8 27.
Be2 Bc6 28. Rh1 Ra8 29. Rd1 b5 30. e4 Ra4 31. d5 Bd7 32. Rc1 Kf8 33. Rc2 Ke8
34. Be1 Kd8 35. Bd2 Kc7 36. Kf2 Ra8 37. Kg2 Rh8 38. Rc1 Kb6 39. Rc2 Be5 40. f4
Bg7 41. b4 Rh4 42. Be1 Rh8 43. Bd2 Ra8 44. Bc1 Re8 45. Bf3 e6 46. dxe6 Rxe6 47.
bxc5+ dxc5 48. e5 g5 49. f5 Rxe5 50. Bxg5 Bc6 51. Bd8+ Ka6 52. Bxc6 bxc6 53.
Kf3 Rd5 54. f6 Rxd8 55. fxg7 Rg8 56. Re2 Rxg7 57. Re7 Rh7 58. Ke4 f5+ 59. Kxf5
Rxe7 0-1

[Event "119th Scottish Championship"]
[Site "Glasgow"]
[Date "2012.07.08"]
[Round "2"]
[White "Isherwood, Paul"]
[Black "Greet, Andrew"]
[Result "0-1"]
[WhiteElo "2024"]
[BlackElo "2440"]
[PlyCount "54"]
[EventDate "2012.07.07"]
[EventType "swiss"]
[EventRounds "9"]
[EventCountry "SCO"]
[Source "Chess Scotland"]
[SourceDate "2012.07.24"]

1. Nf3 Nf6 2. d4 e6 3. Nbd2 c5 4. c3 cxd4 5. cxd4 d5 6. e3 Nc6 7. a3 Bd6 8. Bd3
O-O 9. O-O Bd7 10. Re1 Ne7 11. Ne5 Rc8 12. Qf3 Be8 13. Qh3 Qa5 14. b4 Bxb4 15.
Nb3 Qa4 16. axb4 Qxb3 17. b5 Ng6 18. Rb1 Qa2 19. Nxg6 hxg6 20. Qf3 Bd7 21. Bb2
Ne4 22. Qe2 Nc3 23. Qd2 Nxb1 24. Rxb1 Bxb5 25. Ra1 Qxa1+ 26. Bxa1 Bxd3 27. Bb2
Bc4 0-1

[Event "119th Scottish Championship"]
[Site "Glasgow"]
[Date "2012.07.08"]
[Round "2"]
[White "Sverrisson, Nokkvi"]
[Black "Tate, Alan"]
[Result "1/2-1/2"]
[WhiteElo "1973"]
[BlackElo "2346"]
[PlyCount "54"]
[EventDate "2012.07.07"]
[EventType "swiss"]
[EventRounds "9"]
[EventCountry "SCO"]
[Source "Chess Scotland"]
[SourceDate "2012.07.24"]

1. e4 c5 2. Nf3 Nc6 3. d4 cxd4 4. Nxd4 g6 5. c4 Bg7 6. Be3 Nf6 7. Nc3 O-O 8.
Be2 d6 9. O-O Nxd4 10. Bxd4 Bd7 11. Qd2 Bc6 12. f3 a5 13. Nd5 Bxd5 14. exd5 Nd7
15. Rfe1 Bxd4+ 16. Qxd4 Re8 17. Bd3 Qc7 18. Kf1 Qc5 19. Qxc5 Nxc5 20. Ke2 e5
21. dxe6 Rxe6+ 22. Kd2 Rae8 23. Rxe6 Rxe6 24. Bc2 f5 25. Re1 Rxe1 26. Kxe1 Kf8
27. Ke2 Ke7 1/2-1/2